[Event "Scarborough CC-ch"]
[Site "Toronto CAN"]
[Date "2022.05.26"]
[Round "2.5"]
[White "Chamberland, Luc"]
[Black "Jeyakumar, Bhavatharshan"]
[Result "1-0"]
[WhiteElo "1741"]
[BlackElo "1778"]
[PlyCount "71"]
[EventDate "2022.05.19"]
[EventType "swiss"]
[EventRounds "5"]
[EventCountry "CAN"]

1. e4 c5 2. Nc3 a6 3. g3 b5 4. Bg2 Bb7 5. d3 e6 6. Nf3 d5 7. exd5 exd5 8. O-O
Be7 9. d4 c4 10. Re1 Nf6 11. Ne5 O-O 12. f4 Nbd7 13. a3 b4 14. axb4 Bxb4 15.
Re3 Nb6 16. Qe2 Rc8 17. Nd1 Ne4 18. c3 Bd6 19. Nf2 f5 20. Nxe4 fxe4 21. Bd2
Bxe5 22. fxe5 Qd7 23. Rf1 Na4 24. Bc1 Qb5 25. Qc2 Bc6 26. Ree1 Rxf1+ 27. Rxf1
Rb8 28. Qf2 Qb7 29. Bh3 Qe7 30. Bg5 Qe8 31. Bc1 Bd7 32. Bxd7 Qxd7 33. Qf4 h6
34. e6 Qe8 35. Qe5 Nb6 36. Rf7 1-0

[Event "Scarborough CC-ch"]
[Site "Toronto CAN"]
[Date "2022.05.26"]
[Round "2.6"]
[White "Lawless, David"]
[Black "Cifuentes, Hector"]
[Result "1/2-1/2"]
[WhiteElo "1990"]
[BlackElo "1889"]
[PlyCount "102"]
[EventDate "2022.05.19"]
[EventType "swiss"]
[EventRounds "5"]
[EventCountry "CAN"]

1. e4 c5 2. Nc3 Nc6 3. g3 g6 4. Bg2 Bg7 5. d3 e6 6. f4 Nge7 7. Be3 Nd4 8. Qd2
d5 9. Nd1 b6 10. c3 Ndc6 11. Nf3 dxe4 12. dxe4 O-O 13. O-O Qc7 14. Nf2 Ba6 15.
Rfe1 Rad8 16. Qc2 Rd7 17. Rad1 Rfd8 18. Bc1 b5 19. Be3 Na5 20. Nd3 c4 21. Nc5
Rxd1 22. Rxd1 Bc8 23. Bf2 Nac6 24. e5 Nd5 25. Ng5 Nce7 26. Nge4 Nf5 27. Qe2 Bf8
28. Qf3 Be7 29. h4 h5 30. Kh2 Nh6 31. Bh3 Bb7 32. Nxb7 Qxb7 33. Bd4 Qa6 34. a3
Qb7 35. Ng5 Nf5 36. Bf2 Qc7 37. Qe4 Bc5 38. Qf3 Bxf2 39. Qxf2 Nde3 40. Rxd8+
Qxd8 41. Ne4 Qd3 42. Nf6+ Kg7 43. Ne8+ Kh6 44. Nf6 Nd1 45. Bxf5 exf5 46. Qg2
Ne3 47. Qf2 Nd1 48. Qg2 Qb1 49. e6 fxe6 50. Ng8+ Kg7 51. Qb7+ Kxg8 1/2-1/2

[Event "Scarborough CC-ch"]
[Site "Toronto CAN"]
[Date "2022.05.26"]
[Round "2.7"]
[White "Mendoza, Armand Jess"]
[Black "Li, Adam"]
[Result "1-0"]
[WhiteElo "1943"]
[BlackElo "1846"]
[PlyCount "111"]
[EventDate "2022.05.19"]
[EventType "swiss"]
[EventRounds "5"]
[EventCountry "CAN"]

1. d4 d5 2. Nf3 Nf6 3. Bg5 e6 4. Nbd2 Be7 5. e3 O-O 6. Bd3 h6 7. Bh4 b6 8. O-O
Bb7 9. Ne5 Nbd7 10. f4 Ne4 11. Bxe7 Qxe7 12. c3 c5 13. Qc2 Ndf6 14. Qd1 Nxd2
15. Qxd2 Ne4 16. Qe2 Rfd8 17. Qh5 f6 18. Ng4 Qf7 19. Qh4 Nd2 20. Rf2 Nc4 21. b3
Nd6 22. Rf3 Ne4 23. Bxe4 dxe4 24. Rg3 Kh7 25. Rf1 Rd5 26. Rh3 Qg6 27. Nf2 cxd4
28. cxd4 Rc8 29. Nh1 Ba6 30. Ra1 e5 31. fxe5 fxe5 32. Rg3 Qf5 33. Qe7 Qf6 34.
Qxa7 Bd3 35. Qb7 Rcd8 36. Rc1 R5d7 37. dxe5 Qxe5 38. Qxb6 Rd6 39. Qb4 Qf6 40.
h3 Rb6 41. Qa5 Rf8 42. Rc7 Ra6 43. Qd5 Rxa2 44. Qb7 Rg8 45. Rf7 Ra1+ 46. Kh2
Qe5 47. Nf2 Bc2 48. Ng4 Qd6 49. Nf6+ Kh8 50. Nxg8 Qd1 51. Rgxg7 Qg1+ 52. Kg3
Qxe3+ 53. Kh4 Qe1+ 54. Rg3 e3 55. Rh7+ Bxh7 56. Qg7# 1-0

[Event "Scarborough CC-ch"]
[Site "Toronto CAN"]
[Date "2022.05.26"]
[Round "2.8"]
[White "Manalo, Pepin"]
[Black "D'Souza, Carina"]
[Result "0-1"]
[WhiteElo "1931"]
[BlackElo "1833"]
[PlyCount "78"]
[EventDate "2022.05.19"]
[EventType "swiss"]
[EventRounds "5"]
[EventCountry "CAN"]

1. e4 c5 2. Nf3 d6 3. d4 cxd4 4. Nxd4 Nf6 5. Nc3 a6 6. Be2 e6 7. Be3 Nbd7 8. f3
h5 9. Qd2 b5 10. O-O-O Bb7 11. Kb1 Rc8 12. h3 h4 13. Rdg1 b4 14. Na4 d5 15.
exd5 Nxd5 16. Bg5 Be7 17. Bxe7 Qxe7 18. Re1 Qf6 19. Bd1 Qf4 20. Qd3 Ne5 21. Qe2
Qxd4 22. Qxe5 Qxe5 23. Rxe5 Rh6 24. Rf1 Nf4 25. Nc5 f6 26. Nxb7 fxe5 27. Nd6+
Kd7 28. Nxc8 Kxc8 29. Rf2 Rg6 30. Be2 Nxg2 31. Bxa6+ Kc7 32. Bd3 Rg3 33. b3 Nf4
34. Bc4 Rxh3 35. Kb2 Rg3 36. a4 h3 37. Kc1 Rg2 38. Rf1 h2 39. Kd1 Rg1 0-1

[Event "Scarborough CC-ch"]
[Site "Toronto CAN"]
[Date "2022.06.02"]
[Round "3.1"]
[White "Huang, Youhe"]
[Black "Southam, David"]
[Result "1-0"]
[WhiteElo "2216"]
[BlackElo "2042"]
[PlyCount "105"]
[EventDate "2022.05.19"]
[EventType "swiss"]
[EventRounds "5"]
[EventCountry "CAN"]

1. e4 e6 2. d4 d5 3. Nd2 c5 4. exd5 Qxd5 5. Ngf3 cxd4 6. Bc4 Qd6 7. O-O Nc6 8.
Nb3 Nf6 9. Nbxd4 Nxd4 10. Nxd4 a6 11. c3 Qc7 12. Bd3 Bd6 13. g3 b6 14. Bg5 Bb7
15. Qe2 Be5 16. Rac1 h6 17. Bxf6 Bxf6 18. Be4 O-O 19. Rfd1 Rfd8 20. Bxb7 Qxb7
21. Qf3 Qxf3 22. Nxf3 Kf8 23. Kf1 Ke7 24. Ke2 Rac8 25. Rxd8 Rxd8 26. Rc2 g5 27.
h3 Bg7 28. c4 f5 29. g4 Bf6 30. b4 Rc8 31. Nd2 a5 32. a3 axb4 33. axb4 Ra8 34.
c5 bxc5 35. bxc5 Kd7 36. gxf5 exf5 37. Nc4 Kc6 38. Nd6 f4 39. Kf3 Be7 40. Nf7
Ra3+ 41. Kg4 h5+ 42. Kxh5 Rxh3+ 43. Kg4 Rh7 44. Ne5+ Kc7 45. Kf5 Rh6 46. Ng6
Bd8 47. c6 g4 48. Nxf4 Rh2 49. Ne6+ Kc8 50. Ra2 Bc7 51. Kxg4 Rh6 52. Ra8+ Bb8
53. c7 1-0

[Event "Scarborough CC-ch"]
[Site "Toronto CAN"]
[Date "2022.06.02"]
[Round "3.2"]
[White "Jacobs, Michael"]
[Black "Chamberland, Luc"]
[Result "1-0"]
[WhiteElo "1983"]
[BlackElo "1741"]
[PlyCount "68"]
[EventDate "2022.05.19"]
[EventType "swiss"]
[EventRounds "5"]
[EventCountry "CAN"]

1. e4 e6 2. d4 d5 3. exd5 exd5 4. c4 Nf6 5. Nc3 c6 6. Bd3 Be6 7. cxd5 Nxd5 8.
Nf3 Nd7 9. Ng5 N7f6 10. Nxe6 fxe6 11. O-O Qd7 12. Nxd5 exd5 13. Qf3 Be7 14. Bf5
Qc7 15. Bf4 Bd6 16. Rfe1+ Kf8 17. Be5 Re8 18. Qf4 Rd8 19. Qh4 Qf7 20. g4 h6 21.
g5 Qh5 22. Qxh5 Nxh5 23. Bg6 Bxe5 24. Rxe5 hxg5 25. Rae1 Nf6 26. Rxg5 Rh4 27.
f3 Rxd4 28. Rge5 Rh4 29. Re7 Rh6 30. Bf5 Re8 31. Rxe8+ Nxe8 32. Kg2 Rd6 33. h4
d4 34. Bd3 Kf7 1-0

[Event "Scarborough CC-ch"]
[Site "Toronto CAN"]
[Date "2022.06.02"]
[Round "3.3"]
[White "Pedersen, Rune"]
[Black "Hay, Jonathan"]
[Result "0-1"]
[WhiteElo "2206"]
[BlackElo "2022"]
[PlyCount "64"]
[EventDate "2022.05.19"]
[EventType "swiss"]
[EventRounds "5"]
[EventCountry "CAN"]

1. e4 c6 2. Nc3 d5 3. Nf3 Bg4 4. h3 Bh5 5. exd5 cxd5 6. Bb5+ Nc6 7. g4 Bg6 8.
Ne5 Rc8 9. d4 e6 10. h4 f6 11. Nxg6 hxg6 12. Qd3 f5 13. Bd2 Rxh4 14. O-O-O Rxg4
15. f3 Rh4 16. Rhg1 Kf7 17. Bxc6 Rxc6 18. Bg5 Be7 19. Bxh4 Bxh4 20. Kb1 Nf6 21.
Rg2 g5 22. Rh1 Ne8 23. Ne2 Nd6 24. c3 Nc4 25. Nc1 Qa5 26. Qd1 Ne3 27. Qe2 Nxg2
28. Qxg2 Qb5 29. f4 Rxc3 30. fxg5 Bg3 31. g6+ Kf6 32. Ne2 Re3 0-1

[Event "Scarborough CC-ch"]
[Site "Toronto CAN"]
[Date "2022.06.02"]
[Round "3.4"]
[White "Yang, Larry"]
[Black "Mendoza, Armand Jess"]
[Result "0-1"]
[WhiteElo "1722"]
[BlackElo "1943"]
[PlyCount "152"]
[EventDate "2022.05.19"]
[EventType "swiss"]
[EventRounds "5"]
[EventCountry "CAN"]

1. e4 Nc6 2. Nf3 d6 3. d4 Nf6 4. Nc3 Bg4 5. Be2 g6 6. h3 Bxf3 7. Bxf3 Bg7 8.
Be3 a6 9. a3 e5 10. d5 Ne7 11. Qe2 b5 12. Bg5 O-O 13. h4 h6 14. Bxf6 Bxf6 15.
h5 g5 16. Bg4 Bg7 17. Qf3 c6 18. Rd1 c5 19. Ne2 Qa5+ 20. c3 b4 21. axb4 cxb4
22. O-O bxc3 23. Qxc3 Qb5 24. Ng3 Rfb8 25. Ra1 Rb6 26. Rfc1 a5 27. Qc7 Bf8 28.
Rc2 a4 29. Rac1 Qb4 30. Kh2 Rb7 31. Qc3 Rab8 32. f3 Qd4 33. Rd2 Qa7 34. Qa3 Qa6
35. Ra1 Ra7 36. Rc2 Rb3 37. Qa2 Qd3 38. Rcc1 Qd2 39. Rcb1 Qb4 40. Nf1 Bg7 41.
Rc1 Rxb2 42. Qc4 f5 43. Qxb4 Rxb4 44. exf5 e4 45. Ra2 a3 46. f6 Bxf6 47. Be6+
Kg7 48. Nd2 exf3 49. Nxf3 Bb2 50. Re1 g4 51. Ng1 Be5+ 52. g3 Rb2+ 53. Rxb2 axb2
54. Rf1 Ng8 55. Bf5 Ra1 56. Bb1 Nf6 57. Ne2 Nxd5 58. Re1 Nf6 59. Nf4 Ne4 60.
Rh1 Nc3 61. Bd3 Rxh1+ 62. Kxh1 b1=Q+ 63. Bxb1 Nxb1 64. Nd5 Nc3 65. Ne3 Ne4 66.
Nxg4 Nxg3+ 67. Kg2 Nxh5 68. Kf3 Nf6 69. Ne3 h5 70. Kg2 Kg6 71. Kh3 Kg5 72. Ng2
d5 73. Ne1 Kf4 74. Kg2 Ke3 75. Nf3 Bf4 76. Ng1 d4 0-1

[Event "Scarborough CC-ch"]
[Site "Toronto CAN"]
[Date "2022.06.02"]
[Round "3.5"]
[White "Wu, Benjamin"]
[Black "Cifuentes, Hector"]
[Result "0-1"]
[WhiteElo "1843"]
[BlackElo "1889"]
[PlyCount "60"]
[EventDate "2022.05.19"]
[EventType "swiss"]
[EventRounds "5"]
[EventCountry "CAN"]

1. e4 c5 2. Nf3 Nc6 3. d4 cxd4 4. Nxd4 e6 5. Nc3 a6 6. Be2 Qc7 7. O-O b5 8. a3
Bb7 9. Be3 Nf6 10. f3 Nxd4 11. Qxd4 Bd6 12. h3 Nh5 13. Bf2 Bc5 14. Qd2 Nf4 15.
Bd3 Nxh3+ 16. gxh3 Qg3+ 17. Kh1 Qxh3+ 18. Kg1 Qg3+ 19. Kh1 Qxf3+ 20. Kg1 Qg3+
21. Kh1 Qh3+ 22. Kg1 Qg4+ 23. Kh1 Bd6 24. Bd4 O-O 25. Qg2 Qh4+ 26. Kg1 g6 27.
Bf6 Bc5+ 28. Rf2 Qxf6 29. Raf1 Bxf2+ 30. Rxf2 Qd4 0-1

[Event "Scarborough CC-ch"]
[Site "Toronto CAN"]
[Date "2022.06.02"]
[Round "3.6"]
[White "Jeyakumar, Bhavatharshan"]
[Black "Lawless, David"]
[Result "1/2-1/2"]
[WhiteElo "1778"]
[BlackElo "1990"]
[PlyCount "136"]
[EventDate "2022.05.19"]
[EventType "swiss"]
[EventRounds "5"]
[EventCountry "CAN"]

1. e4 e5 2. Nf3 Nc6 3. Bb5 a6 4. Ba4 Nf6 5. O-O b5 6. Bb3 d6 7. Re1 Be7 8. c3
Na5 9. Bc2 c5 10. d4 Nc6 11. d5 Nb8 12. h3 Nbd7 13. Nbd2 O-O 14. Nf1 Re8 15.
Ng3 Bf8 16. Bg5 h6 17. Be3 g6 18. Qd2 Kh7 19. a4 Rb8 20. axb5 axb5 21. Nh2 Qc7
22. h4 c4 23. Qe2 Nc5 24. Qf3 Bg7 25. h5 Bd7 26. Qe2 Ra8 27. f4 exf4 28. hxg6+
fxg6 29. Bxf4 Nxd5 30. Qd2 Nxf4 31. Qxf4 Rf8 32. Qe3 Rxa1 33. Rxa1 Be5 34. Ngf1
Be6 35. Nf3 Bg7 36. Rd1 Bg4 37. N1h2 Bc8 38. Nh4 Be5 39. N2f3 Bf4 40. Qe1 Rf6
41. e5 Bxe5 42. Nxg6 Nd3 43. Bxd3 cxd3 44. Ngxe5 Qc5+ 45. Kh2 dxe5 46. Qxe5
Qxe5+ 47. Nxe5 Rf2 48. Nxd3 Re2 49. Ra1 Bf5 50. Ra7+ Kg8 51. Ra8+ Kf7 52. Rd8
Ke7 53. Rd4 Rd2 54. Nf4 Rxb2 55. Kg3 Rb3 56. Nd5+ Kf7 57. Kf4 Be6 58. g3 Bxd5
59. Rxd5 Rxc3 60. Rxb5 Rc6 61. Ra5 Kf6 62. Rb5 Rc4+ 63. Kf3 Ra4 64. Rc5 Kg6 65.
Rb5 h5 66. Rc5 Ra3+ 67. Kf4 Ra4+ 68. Kf3 Ra3+ 1/2-1/2

[Event "Scarborough CC-ch"]
[Site "Toronto CAN"]
[Date "2022.06.09"]
[Round "4.1"]
[White "Huang, Richard"]
[Black "Huang, Youhe"]
[Result "0-1"]
[WhiteElo "1953"]
[BlackElo "2216"]
[PlyCount "142"]
[EventDate "2022.05.19"]
[EventType "swiss"]
[EventRounds "5"]
[EventCountry "CAN"]

1. d4 d5 2. Bf4 c5 3. e3 Nc6 4. Nf3 Nf6 5. Nbd2 cxd4 6. exd4 Bf5 7. c3 e6 8.
Qb3 Qb6 9. Qxb6 axb6 10. Bb5 Nd7 11. O-O Be7 12. Ne5 Ndxe5 13. dxe5 g5 14. Be3
O-O 15. Nf3 g4 16. Nd4 Nxd4 17. Bxd4 Bc5 18. a4 Rfc8 19. Rfc1 Be4 20. b4 Bxd4
21. cxd4 Rc2 22. Rxc2 Bxc2 23. Rc1 Bb3 24. f3 gxf3 25. gxf3 Bc4 26. Kf2 Bxb5
27. Rg1+ Kf8 28. axb5 Ra2+ 29. Kg3 Rd2 30. Rc1 Rxd4 31. Rc8+ Kg7 32. Rc7 Rxb4
33. Rxb7 Rxb5 34. Kf4 Kg6 35. Ke3 h5 36. f4 Rb3+ 37. Kf2 b5 38. Ke2 h4 39. Kf2
h3 40. Rb8 Kf5 41. Rb7 Kxf4 42. Rxf7+ Kxe5 43. Rc7 Ke4 44. Rc1 d4 45. Re1+ Re3
46. Rb1 Rf3+ 47. Kg1 d3 48. Re1+ Re3 49. Rd1 Kf3 50. Rf1+ Ke2 51. Rf2+ Kd1 52.
Rb2 Re1+ 53. Kf2 Re2+ 54. Rxe2 dxe2 55. Kf3 e1=R 56. Kg4 Re3 57. Kf4 Ke2 58.
Kg4 b4 59. Kf4 b3 60. Kg4 b2 61. Kf4 b1=R 62. Kg4 Kf2 63. Kf4 Rbb3 64. Kg4 Kg2
65. Kf4 Kxh2 66. Kg4 Kg2 67. Kf4 h2 68. Kg4 h1=N 69. Kf4 Ng3 70. Kg4 Rb5 71.
Kf4 Re4# 0-1

[Event "Scarborough CC-ch"]
[Site "Toronto CAN"]
[Date "2022.06.09"]
[Round "4.2"]
[White "Southam, David"]
[Black "Hay, Jonathan"]
[Result "0-1"]
[WhiteElo "2042"]
[BlackElo "2022"]
[PlyCount "138"]
[EventDate "2022.05.19"]
[EventType "swiss"]
[EventRounds "5"]
[EventCountry "CAN"]

1. d4 d5 2. c4 c6 3. Nf3 Nf6 4. e3 Bf5 5. Nc3 e6 6. Nh4 Bg6 7. Qb3 Qb6 8. Nxg6
hxg6 9. Bd2 Nbd7 10. Bd3 Be7 11. h3 g5 12. O-O-O O-O-O 13. f3 Kb8 14. Kb1 Nh5
15. Rhe1 Rhe8 16. g4 Nhf6 17. Qxb6 Nxb6 18. c5 Nc4 19. Bc1 b6 20. cxb6 Nxb6 21.
Bf1 Kb7 22. e4 Nfd7 23. Be3 Rc8 24. Bf2 Bb4 25. Rc1 Nf8 26. a3 Bd6 27. Be3 Be7
28. Bd3 Nfd7 29. Bf2 Rh8 30. Bf1 Bf6 31. Rcd1 Nf8 32. Bg3 Ng6 33. Ne2 Nh4 34.
Rd3 Rcd8 35. e5 Be7 36. f4 gxf4 37. Nxf4 c5 38. dxc5 Bxc5 39. Nh5 Nf5 40. Bf4
g6 41. Nf6 Nh4 42. Bg5 Be7 43. Rc3 Rc8 44. Rxc8 Nxc8 45. Re3 Bd8 46. Rb3+ Nb6
47. a4 a5 48. Rb5 Nf3 49. Be3 Nxe5 50. g5 Nc6 51. Bxb6 Bxb6 52. Nd7 Nd4 53.
Rxb6+ Kc7 54. Ra6 Kxd7 55. Ra7+ Kd6 56. Rxf7 Rh5 57. Rf4 Ke5 58. Rg4 Nb3 59.
Bd3 Nd2+ 60. Kc2 Ne4 61. Bxe4 dxe4 62. Kb3 Kd4 63. h4 Kd3 64. Ka3 Rh8 65. b4
axb4+ 66. Kxb4 e3 67. Rg1 Rxh4+ 68. Kb5 e2 69. a5 Kd2 0-1

[Event "Scarborough CC-ch"]
[Site "Toronto CAN"]
[Date "2022.06.09"]
[Round "4.3"]
[White "Mendoza, Armand Jess"]
[Black "Gao, Raymond"]
[Result "0-1"]
[WhiteElo "1943"]
[BlackElo "2087"]
[PlyCount "42"]
[EventDate "2022.05.19"]
[EventType "swiss"]
[EventRounds "5"]
[EventCountry "CAN"]

1. d4 Nf6 2. Nf3 c5 3. e3 g6 4. c4 Bg7 5. Bd3 O-O 6. Nc3 cxd4 7. exd4 d5 8. Be3
b6 9. O-O Nc6 10. Rc1 Bb7 11. h3 Nb4 12. Bb1 dxc4 13. Ne5 Rc8 14. Qa4 a5 15. a3
Nbd5 16. Ba2 Nxe3 17. fxe3 Nd5 18. Bxc4 Nxe3 19. Nxf7 Qxd4 20. Ne2 Rxc4 21.
Rxc4 Qxc4 0-1

[Event "Scarborough CC-ch"]
[Site "Toronto CAN"]
[Date "2022.06.09"]
[Round "4.4"]
[White "Cifuentes, Hector"]
[Black "Chamberland, Luc"]
[Result "1-0"]
[WhiteElo "1889"]
[BlackElo "1741"]
[PlyCount "71"]
[EventDate "2022.05.19"]
[EventType "swiss"]
[EventRounds "5"]
[EventCountry "CAN"]

1. e4 e6 2. Nf3 d5 3. Nc3 Nf6 4. e5 Nfd7 5. d4 c5 6. dxc5 Nc6 7. Bf4 Bxc5 8.
Bd3 h6 9. O-O a6 10. Re1 b5 11. a3 Bb7 12. Qd2 Ba7 13. Rad1 Rc8 14. h3 Qc7 15.
Nxd5 Qd8 16. Nc3 Na5 17. Be4 Nc4 18. Qc1 Bxe4 19. Nxe4 Rc7 20. b3 Na5 21. Nd6+
Kf8 22. Qd2 Nb7 23. Nxb7 Rxb7 24. Qd6+ Kg8 25. Nd4 Bxd4 26. Rxd4 Qa8 27. Red1
Kh7 28. Qc6 Nb6 29. Qe4+ g6 30. Bxh6 Nd5 31. Qh4 Qc8 32. c4 bxc4 33. bxc4 g5
34. Qxg5 Rg8 35. Qh5 Nb6 36. Bf8# 1-0

[Event "Scarborough CC-ch"]
[Site "Toronto CAN"]
[Date "2022.06.09"]
[Round "4.5"]
[White "Lawless, David"]
[Black "Yang, Larry"]
[Result "1-0"]
[WhiteElo "1990"]
[BlackElo "1722"]
[PlyCount "49"]
[EventDate "2022.05.19"]
[EventType "swiss"]
[EventRounds "5"]
[EventCountry "CAN"]

1. e4 e5 2. f4 exf4 3. Nf3 g5 4. d4 d6 5. Nc3 g4 6. Bxf4 gxf3 7. Qxf3 Nc6 8.
O-O-O h5 9. h3 Bh6 10. Bxh6 Rxh6 11. Bc4 Qg5+ 12. Kb1 Rf6 13. Qe2 Rg6 14. Rhf1
Nh6 15. Nd5 Kd8 16. Rf2 Be6 17. e5 Bxd5 18. Bxd5 f6 19. c3 Kd7 20. Qb5 Rh8 21.
Qxb7 Nb8 22. e6+ Kd8 23. Qxb8+ Ke7 24. Qxc7+ Kf8 25. e7+ 1-0

[Event "Scarborough CC-ch"]
[Site "Toronto CAN"]
[Date "2022.06.09"]
[Round "4.6"]
[White "Sharpe, Sam"]
[Black "Wu, Benjamin"]
[Result "1/2-1/2"]
[WhiteElo "1952"]
[BlackElo "1843"]
[PlyCount "109"]
[EventDate "2022.05.19"]
[EventType "swiss"]
[EventRounds "5"]
[EventCountry "CAN"]

1. e4 c6 2. d4 d5 3. exd5 cxd5 4. c4 Nf6 5. Nc3 Nc6 6. Nf3 Bg4 7. cxd5 Nxd5 8.
Qb3 Bxf3 9. gxf3 Nxc3 10. bxc3 Qc7 11. Rb1 Rb8 12. Bb5 e6 13. Qa4 Bd6 14. Bxc6+
Qxc6 15. Qxc6+ bxc6 16. Rxb8+ Bxb8 17. Ba3 Kd7 18. Ke2 Bf4 19. Kd3 Rb8 20. c4
Bd6 21. Bxd6 Kxd6 22. Rg1 g6 23. Rg5 Kc7 24. Ra5 Rb7 25. h4 Kd6 26. h5 Ke7 27.
hxg6 fxg6 28. Ke4 Kf6 29. Kf4 h6 30. Ra6 Rb2 31. Rxc6 Rxa2 32. d5 Rd2 33. Ra6
g5+ 34. Kg3 Rc2 35. Rxe6+ Kf5 36. Rxh6 Rxc4 37. Ra6 Rd4 38. d6 Rd5 39. Rxa7
Rxd6 40. Ra5+ Kg6 41. f4 gxf4+ 42. Kxf4 Rf6+ 43. Kg3 Rb6 44. Kg4 Rc6 45. f4 Kf6
46. Rh5 Kg6 47. f5+ Kg7 48. Rh3 Rc1 49. Rg3 Kf6 50. Rf3 Rc4+ 51. Rf4 Rxf4+ 52.
Kxf4 Kf7 53. Ke5 Ke7 54. f6+ Kf7 55. Kf5 1/2-1/2

[Event "Scarborough CC-ch"]
[Site "Toronto CAN"]
[Date "2022.06.09"]
[Round "4.7"]
[White "Li, Adam"]
[Black "Jeyakumar, Bhavatharshan"]
[Result "1-0"]
[WhiteElo "1846"]
[BlackElo "1778"]
[PlyCount "103"]
[EventDate "2022.05.19"]
[EventType "swiss"]
[EventRounds "5"]
[EventCountry "CAN"]

1. e4 c5 2. Nf3 e6 3. c3 d5 4. exd5 exd5 5. d4 cxd4 6. Nxd4 Nc6 7. Be2 Nf6 8.
O-O Be7 9. Be3 O-O 10. Nd2 Qc7 11. N2b3 a6 12. h3 Ne5 13. Bf4 Bd6 14. Bxe5 Bxe5
15. Nf3 Bd6 16. Nbd4 Ne4 17. Bd3 Bd7 18. Re1 Rae8 19. Qc2 f5 20. Rad1 Kh8 21.
Qb3 Bc6 22. Nxc6 bxc6 23. c4 Bc5 24. Bxe4 fxe4 25. Nd4 Qf7 26. Re2 Qf6 27. Qc3
Bxd4 28. Qxd4 Qxd4 29. Rxd4 Rd8 30. Red2 Kg8 31. cxd5 cxd5 32. Rxd5 Rxd5 33.
Rxd5 Rb8 34. b3 Rb4 35. Ra5 Rb6 36. Re5 Rb4 37. Kf1 Kf7 38. Ke2 Kf6 39. Rc5 Rb6
40. Ke3 Re6 41. b4 g6 42. a4 h6 43. Rc4 Kf5 44. b5 axb5 45. axb5 Rb6 46. Rc5+
Kf6 47. Rc6+ Rxc6 48. bxc6 Ke6 49. Kxe4 Kd6 50. c7 Kxc7 51. Ke5 Kd7 52. Kf6 1-0

[Event "Scarborough CC-ch"]
[Site "Toronto CAN"]
[Date "2022.06.16"]
[Round "5.1"]
[White "Huang, Youhe"]
[Black "Gao, Raymond"]
[Result "1-0"]
[WhiteElo "2216"]
[BlackElo "2087"]
[PlyCount "91"]
[EventDate "2022.05.19"]
[EventType "swiss"]
[EventRounds "5"]
[EventCountry "CAN"]

1. e4 e6 2. d4 d5 3. e5 c5 4. c3 Nc6 5. Nf3 Bd7 6. Bd3 Rc8 7. dxc5 Bxc5 8. b4
Bb6 9. b5 Na5 10. Qa4 Nc4 11. Nbd2 a6 12. Bxc4 dxc4 13. Ne4 Bc5 14. Be3 Bxb5
15. Qc2 Bxe3 16. Nd6+ Kf8 17. Nxc8 Qxc8 18. fxe3 Qc5 19. O-O Qxe3+ 20. Kh1 Ne7
21. Rae1 Qd3 22. Qf2 Qd7 23. Rd1 Qc8 24. Ng5 Nf5 25. g4 h6 26. Nh3 g6 27. gxf5
gxf5 28. Qb6 Qc6+ 29. Qxc6 Bxc6+ 30. Kg1 Rg8+ 31. Kf2 Rg2+ 32. Ke3 Rxa2 33. Rf2
Ra3 34. Kd4 Ra5 35. Nf4 Ke7 36. Rg1 Rb5 37. Rg7 Rb1 38. Ng6+ Ke8 39. Rg8+ Kd7
40. Nf4 Rd1+ 41. Kxc4 a5 42. Rg3 a4 43. Rd3+ Rxd3 44. Nxd3 a3 45. Kb3 Be4 46.
Kxa3 1-0

[Event "Scarborough CC-ch"]
[Site "Toronto CAN"]
[Date "2022.06.16"]
[Round "5.2"]
[White "Hay, Jonathan"]
[Black "Jacobs, Michael"]
[Result "0-1"]
[WhiteElo "2022"]
[BlackElo "1983"]
[PlyCount "46"]
[EventDate "2022.05.19"]
[EventType "swiss"]
[EventRounds "5"]
[EventCountry "CAN"]

1. d4 d5 2. Bf4 Nf6 3. e3 c5 4. Nf3 Nc6 5. Nbd2 cxd4 6. exd4 Bg4 7. c3 e6 8.
Qa4 Bd6 9. Ba6 Bxf4 10. Bxb7 O-O 11. Bxc6 Rb8 12. b4 Qc7 13. b5 Ne4 14. Nxe4
dxe4 15. Nd2 e3 16. Ne4 f5 17. Nc5 exf2+ 18. Kxf2 Bxh2 19. Rxh2 Qxh2 20. Nd7 f4
21. Bf3 Qg3+ 22. Ke2 Qxg2+ 23. Kd3 Qxf3+ 0-1

[Event "Scarborough CC-ch"]
[Site "Toronto CAN"]
[Date "2022.06.16"]
[Round "5.3"]
[White "Mendoza, Armand Jess"]
[Black "Cifuentes, Hector"]
[Result "1-0"]
[WhiteElo "1943"]
[BlackElo "1889"]
[PlyCount "83"]
[EventDate "2022.05.19"]
[EventType "swiss"]
[EventRounds "5"]
[EventCountry "CAN"]

1. e4 d5 2. exd5 Qxd5 3. Nc3 Qd6 4. Bc4 Nf6 5. h3 c6 6. d4 e6 7. Nf3 Nbd7 8.
Qe2 b5 9. Bb3 Be7 10. Bg5 a5 11. a4 b4 12. Ne4 Qc7 13. Nfd2 h6 14. Nxf6+ Nxf6
15. Bh4 O-O 16. g4 g5 17. Bg3 Bd6 18. Qf3 Kg7 19. Nc4 Bxg3 20. fxg3 Nd5 21. h4
f6 22. O-O-O Ba6 23. Rh3 Bxc4 24. Bxc4 Rad8 25. hxg5 fxg5 26. Qe4 Rf6 27. Bd3
Rh8 28. Rhh1 Qxg3 29. Rhf1 Nf4 30. Bc4 Rc8 31. Rg1 Qh4 32. Rdf1 Qh2 33. Rh1 Qg2
34. Rxf4 Qxh1+ 35. Qxh1 Rxf4 36. Bxe6 Rcf8 37. Bf5 Rxd4 38. Qxc6 Rf6 39. Qc7+
Kf8 40. Qxa5 b3 41. Qa8+ Kg7 42. Qa7+ 1-0

[Event "Scarborough CC-ch"]
[Site "Toronto CAN"]
[Date "2022.06.16"]
[Round "5.4"]
[White "Li, Adam"]
[Black "Huang, Richard"]
[Result "1/2-1/2"]
[WhiteElo "1846"]
[BlackElo "1953"]
[PlyCount "124"]
[EventDate "2022.05.19"]
[EventType "swiss"]
[EventRounds "5"]
[EventCountry "CAN"]

1. e4 e5 2. Nf3 Nc6 3. Bc4 Bc5 4. c3 Nf6 5. d3 d6 6. Nbd2 O-O 7. h3 Bb6 8. O-O
Ne7 9. Re1 Ng6 10. Nf1 c6 11. Ng3 Kh8 12. Bb3 h6 13. d4 Qc7 14. Qc2 Be6 15. Nf5
Rfe8 16. dxe5 dxe5 17. Bxe6 Rxe6 18. Be3 Nh5 19. g3 Ne7 20. N3h4 g5 21. Qe2 Ng7
22. Nxg7 Kxg7 23. Nf5+ Nxf5 24. exf5 Re7 25. Qh5 Rh8 26. Bxg5 hxg5 27. f6+ Kxf6
28. Qxh8+ Kg6 29. h4 f6 30. h5+ Kf5 31. Qg8 Rg7 32. Qc4 g4 33. Kg2 Qd6 34. Rad1
Qc5 35. Qxc5 Bxc5 36. b4 Bb6 37. Rh1 Rh7 38. h6 Kg5 39. a4 Bc7 40. Rh4 f5 41.
Rhh1 f4 42. gxf4+ exf4 43. f3 g3 44. b5 Bb6 45. Rhe1 Rxh6 46. Re5+ Kf6 47. Rd6+
Kxe5 48. Rxh6 cxb5 49. Rh5+ Kd6 50. axb5 Be3 51. c4 b6 52. Rf5 Kc7 53. Rd5 Bc5
54. Rf5 Be3 55. Rf7+ Kd6 56. Rxa7 Kc5 57. Rc7+ Kb4 58. Rc6 Ka5 59. Rc8 Kb4 60.
Kf1 Bc5 61. Re8 Be3 62. Re4 Kc5 1/2-1/2

[Event "Scarborough CC-ch"]
[Site "Toronto CAN"]
[Date "2022.06.16"]
[Round "5.5"]
[White "Chamberland, Luc"]
[Black "Lawless, David"]
[Result "1-0"]
[WhiteElo "1741"]
[BlackElo "1990"]
[PlyCount "83"]
[EventDate "2022.05.19"]
[EventType "swiss"]
[EventRounds "5"]
[EventCountry "CAN"]

1. e4 e5 2. Nc3 Nf6 3. Bc4 Bc5 4. Nf3 Nc6 5. O-O O-O 6. a3 a6 7. d3 h6 8. Nd5
d6 9. h3 Nxd5 10. Bxd5 Qf6 11. c3 Ne7 12. Bb3 Ng6 13. Be3 Ba7 14. d4 Nf4 15.
Bxf4 Qxf4 16. dxe5 dxe5 17. Qe2 g5 18. Nh2 Re8 19. Rad1 Qf6 20. Rd3 Be6 21. Rf3
Qg6 22. Bxe6 Rxe6 23. Rf5 Rd8 24. Ng4 Qg7 25. Qf3 Rdd6 26. Rd1 Rxd1+ 27. Qxd1
Rd6 28. Qb3 b5 29. a4 h5 30. Nxe5 Rf6 31. Qd5 Rxf5 32. exf5 Bb6 33. Qd8+ Kh7
34. f6 Qg8 35. Qd3+ Kh6 36. axb5 axb5 37. Qd5 g4 38. Nxf7+ Kg6 39. Ne5+ Kh7 40.
Qxg8+ Kxg8 41. hxg4 hxg4 42. Nxg4 1-0

[Event "Scarborough CC-ch"]
[Site "Toronto CAN"]
[Date "2022.06.16"]
[Round "5.6"]
[White "Wu, Benjamin"]
[Black "Manalo, Pepin"]
[Result "1-0"]
[WhiteElo "1843"]
[BlackElo "1931"]
[PlyCount "104"]
[EventDate "2022.05.19"]
[EventType "swiss"]
[EventRounds "5"]
[EventCountry "CAN"]

1. e4 e6 2. d4 d5 3. exd5 exd5 4. Nf3 Nf6 5. Be2 Bd6 6. Bg5 Nbd7 7. O-O h6 8.
Bh4 O-O 9. c4 c6 10. Nc3 dxc4 11. Bxc4 b5 12. Bb3 Qc7 13. d5 b4 14. dxc6 Qxc6
15. Nd5 Ne4 16. Ne7+ Bxe7 17. Bxe7 Bb7 18. Bxf8 Rxf8 19. Rc1 Ndc5 20. Qc2 Qf6
21. Rfd1 a5 22. Bd5 Bxd5 23. Rxd5 Rc8 24. Re5 Rd8 25. h3 Nd3 26. Rxe4 Nxc1 27.
Qxc1 Qf5 28. Qc2 g6 29. Rc4 Qh5 30. Rc8 Rxc8 31. Qxc8+ Kg7 32. Qc2 a4 33. b3 a3
34. Qd2 Qf5 35. Kh2 Qb1 36. Qxb4 Qxa2 37. Qc3+ Kh7 38. Nd2 h5 39. Kg1 Kg8 40.
Kf1 Kf8 41. Ke2 Ke7 42. Kd3 h4 43. Ke4 f6 44. Kf4 Ke6 45. Kg4 Qb2 46. Qxb2 axb2
47. Kf4 Kd5 48. Ke3 Kc5 49. Kd3 Kb4 50. Kc2 Ka3 51. Kb1 g5 52. f3 f5 1-0